Statistics for Fortnite Streamer Quiz

Click here to take the quiz!

General Stats

  • This quiz has been taken 3,123 times
    (3,081 since last reset)
  • The average score is 5 of 15

Answer Stats

% Correct
Most followers on twitch and most popular fortnite streamerNinja
99%
Virgin, has over 1400 solo winsMyth
80%
COME HER BOIIIII MY HIGH GROUND NOWDaequan
61%
Plays duos with Ninja all the time and they impulse each other all the timeDrLupo
58%
They talk about those snipesDakotaz
54%
In some people's opinion fastest builder, also smaller than a couch and on TSMHamlinz
52%
Mostly PUBG player but tries fortniteShroud
23%
Duos with DK all the time [+]CDNthe3rd
20%
Part of TSM pro team, very quiet but a great playerCaMills
18%
Dropped a 40 bomb with Ninja in duosKingRichard
17%
SPACEDADDYSpaceLyon
12%
His name is 3 days, part of FaZe pro team72hrs
11%
In my opinion best builder, lost to Valkyrae in a 1 v 1Jaomock
9%
Part of TSM streamers, very good with SnipersOPscT
6%
Master of Solo Squads part of TSM streamersKrafty
5%

Score Distribution

Percentile by Number Answered

Percent of People with Each Score

Your Score History

You have not taken this quiz since the last reset